Statistics for Prefecture Level Cities in China with a Map

Click here to take the quiz!

General Stats

  • This quiz has been taken 1,262 times
  • The average score is 108 of 293

Answers on the Map

Answers color-coded by a green-red scale on the quiz's map according to % correct below.
 

Answer Stats

City% Correct
Guangzhou
88%
Xi'an
88%
Wuhan
86%
Shenzhen
83%
Nanjing
81%
Xiamen
81%
Chengdu
79%
Qingdao
79%
Hangzhou
78%
Dalian
76%
Fuzhou
75%
Harbin
75%
Changsha
72%
Hefei
72%
Shenyang
72%
Kunming
71%
Lhasa
70%
Ürümqi
70%
Zhengzhou
70%
Suzhou
69%
Jinan
67%
Nanning
67%
Ningbo
67%
Haikou
65%
Shantou
65%
Wenzhou
65%
Ya'an
65%
Lanzhou
62%
Shijiazhuang
62%
Jilin
61%
Taiyuan
60%
Changchun
59%
Dongguan
59%
Wuxi
57%
Guiyang
56%
Nanchang
56%
Foshan
55%
Yantai
54%
Guilin
53%
Huizhou
53%
Tangshan
53%
Xuzhou
53%
Luoyang
51%
Sanya
51%
Zhuhai
51%
Zibo
51%
Nantong
50%
Qiqihar
50%
Ji'an
49%
Taizhou
49%
Huainan
48%
Quanzhou
48%
Weihai
48%
Baoding
47%
Changzhou
47%
Hohhot
47%
Qinhuangdao
47%
Xining
47%
Datong
46%
Lianyungang
46%
Yinchuan
46%
Zhangjiakou
46%
Anshan
45%
Baotou
45%
Ganzhou
45%
Yangzhou
44%
Zhanjiang
44%
Zhongshan
44%
Handan
43%
Huai'an
43%
Linyi
43%
Kaifeng
42%
Weifang
42%
Wuhu
42%
Yancheng
42%
Anyang
41%
Huzhou
41%
Liuzhou
41%
Rizhao
41%
Yan'an
41%
Yulin
41%
Chaozhou
40%
Chengde
40%
Daqing
40%
Jinhua
40%
Langfang
40%
Ma'anshan
40%
Nanyang
40%
Shaoxing
40%
Zhenjiang
40%
Baoji
39%
Dandong
39%
Jiangmen
39%
Jiaxing
39%
Maoming
39%
Zhangzhou
39%
Zhuzhou
39%
Dezhou
38%
Jinzhou
38%
Shanwei
38%
Tai'an
38%
Xiangyang
38%
Bengbu
37%
Putian
37%
Qingyuan
37%
Xiangtan
37%
Beihai
36%
Huaibei
36%
Jiuquan
36%
Mianyang
36%
Suqian
36%
Wuzhou
36%
Yichang
36%
Cangzhou
35%
Hengyang
35%
Jining
35%
Jiujiang
35%
Meizhou
35%
Xianyang
35%
Zunyi
35%
Changde
34%
Dongying
34%
Hanzhong
34%
Heihe
34%
Heze
34%
Huanggang
34%
Huangshan
34%
Jingdezhen
34%
Jingzhou
34%
Luzhou
34%
Panzhihua
34%
Quzhou
34%
Sanming
34%
Tongliao
34%
Xinyang
34%
Zhangjiajie
34%
Zhumadian
34%
Anqing
33%
Chifeng
33%
Fangchenggang
33%
Hengshui
33%
Lishui
33%
Shaoguan
33%
Yueyang
33%
Zhaoqing
33%
Binzhou
32%
Huludao
32%
Jiamusi
32%
Leshan
32%
Shiyan
32%
Zaozhuang
32%
Jieyang
31%
Longyan
31%
Mudanjiang
31%
Ningde
31%
Pingdingshan
31%
Sanmenxia
31%
Tianshui
31%
Xigaze
31%
Xingtai
31%
Xinxiang
31%
Yibin
31%
Zhoushan
31%
Baise
30%
Fushun
30%
Hami
30%
Jincheng
30%
Jixi
30%
Liupanshui
30%
Nanchong
30%
Yichun
30%
Yingkou
30%
Zhangye
30%
Dazhou
29%
Ezhou
29%
Lijiang
29%
Lu'an
29%
Panjin
29%
Qinzhou
29%
Shangrao
29%
Siping
29%
Wuwei
29%
Yangjiang
29%
Yingtan
29%
Yuncheng
29%
Yunfu
29%
Chaoyang
28%
Chenzhou
28%
Chuzhou
28%
Jiayuguan
28%
Jinzhong
28%
Liaocheng
28%
Linfen
28%
Nanping
28%
Tieling
28%
Ankang
27%
Danzhou
27%
Deyang
27%
Hegang
27%
Huaihua
27%
Tongling
27%
Zigong
27%
Baicheng
26%
Changzhi
26%
Fuyang
26%
Guangyuan
26%
Heyuan
26%
Huangshi
26%
Jiaozuo
26%
Liaoyang
26%
Ordos
26%
Pingxiang
26%
Shuangyashan
26%
Xuchang
26%
Zhoukou
26%
Baishan
25%
Benxi
25%
Bozhou
25%
Hebi
25%
Jingmen
25%
Pu'er
25%
Puyang
25%
Shangqiu
25%
Xiaogan
25%
Zhaotong
25%
Haidong
24%
Meishan
24%
Qitaihe
24%
Qujing
24%
Weinan
24%
Yongzhou
24%
Zhongwei
24%
Bazhong
23%
Bijie
23%
Chizhou
23%
Chongzuo
23%
Fuxin
23%
Guyuan
23%
Longnan
23%
Luohe
23%
Shangluo
23%
Shaoyang
23%
Shizuishan
23%
Tonghua
23%
Wuhai
23%
Xinyu
23%
Xuancheng
23%
Baiyin
22%
Baoshan
22%
Hulunbuir
22%
Liaoyuan
22%
Loudi
22%
Luliang
22%
Suizhou
22%
Tongchuan
22%
Xinzhou
22%
Yangquan
22%
Yiyang
22%
Ziyang
22%
Anshun
21%
Guigang
21%
Hechi
21%
Hezhou
21%
Laibin
21%
Qingyang
21%
Shuozhou
21%
Songyuan
21%
Suining
21%
Wuzhong
21%
Guang'an
20%
Lhoka
20%
Neijiang
20%
Suihua
20%
Xianning
20%
Yuxi
20%
Pingliang
19%
Turpan
19%
Dingxi
18%
Jinchang
18%
Sansha
18%
Tongren
18%
Lincang
17%
Karamay
16%
Nagqu
15%
Nyingchi
15%
Qamdo
14%
Ulanqab
13%
Bayannur
12%

Score Distribution

Percentile by Number Answered

Percent of People with Each Score

Your Score History

You have not taken this quiz